000 00714cam a22002172 4500
001 0000000387
005 20151217155800.0
008 070126s xx 000 0 eng d
020 _cKES
040 _aKABU
_cKABU
050 0 _aBL2400
_b.H57
245 1 4 _aThe Historical study of African religion with special reference to East and Central Africa /
_ced. by T. O. Ranger and I. N. Kimambo.
260 _aNairobi :
_bHeinemann,
_c1972.
300 _aix, 307 p.
651 0 _aAfrica
_xReligion
_xCongresses.
_@0000148556
700 1 _aRanger, T. O.
_eed.
_@0000148557
700 1 _aKimambo, I. N.
_eed.
_@0000148558
908 _a070126
950 _@1
999 _c12303
_d12303